000 00459pab a2200169 454500
008 180718b2015 xxu||||| |||| 00| 0 eng d
100 _aOrrenius, Pia M.
245 _aThe effect of temporary protected status on immigrants' labor market outcomes
260 _c2015
300 _ap.576-580.
362 _aMay
650 _aLabour market
650 _aImmigrants
700 _aZavodny, Madeline
773 _aAmerican Economic Review
909 _a108240
999 _c108235
_d108235